[Event "Mechanics' Fall TNM; 30/90, SD/30"]
[Site "San Francisco"]
[Date "2009.11.03"]
[Round "3.7"]
[White "Bultman, Charles"]
[Black "Lee, Andy"]
[Result "0-1"]
[WhiteElo "1703"]
[BlackElo "2278"]
[PlyCount "62"]
[EventDate "2009.??.??"]

1. e4 e6 2. d4 d5 3. Nc3 Bb4 4. e5 c5 5. a3 Bxc3+ 6. bxc3 Ne7 7. a4 Qa5 8. Bd2
Nbc6 9. Nf3 Bd7 10. Bb5 Qc7 11. O-O Na5 12. Be2 O-O 13. Nh4 Ng6 14. Bg5 Rfe8
15. Nxg6 fxg6 16. Qd3 cxd4 17. cxd4 Rac8 18. Qg3 Qxc2 19. Bd3 Qc3 20. Rfd1 Nb3
21. Ra3 Qb2 22. Bxg6 Qxa3 23. Bf6 hxg6 24. Qxg6 Qf8 25. h4 Rc1 26. Rxc1 Nxc1
27. h5 Ne2+ 28. Kh2 Nf4 29. Qg5 Nxh5 30. Qxh5 gxf6 31. Qg6+ Qg7 0-1

[Event "Mechanics' Summer TNM; 30/90, SD/30"]
[Site "San Francisco"]
[Date "2009.06.30"]
[Round "6.10"]
[White "Bultman, Charles"]
[Black "Manvelyan, Hovik"]
[Result "0-1"]
[WhiteElo "1722"]
[BlackElo "1963"]
[PlyCount "80"]
[EventDate "2009.??.??"]

1. e4 e6 2. d4 d5 3. Nc3 Bb4 4. e5 c5 5. a3 Bxc3+ 6. bxc3 Ne7 7. Nf3 Qa5 8. Bd2
Nbc6 9. a4 Bd7 10. Bb5 O-O 11. O-O f6 12. exf6 Rxf6 13. Bg5 Rf7 14. Qd2 Ng6 15.
Rfe1 Raf8 16. dxc5 Rxf3 17. gxf3 h6 18. Bxh6 Nce5 19. Rxe5 Nxe5 20. Be2 gxh6
21. Qxh6 Rf7 22. Kh1 Rg7 23. Rg1 Rxg1+ 24. Kxg1 Nf7 25. Qf6 Qd8 26. Qg6+ Kf8
27. f4 Qh4 28. Bh5 Qxf4 29. Qxf7+ Qxf7 30. Bxf7 Kxf7 31. a5 a6 32. f4 Kf6 33.
Kf2 Ba4 34. Kg3 Bxc2 35. Kg4 Bd1+ 36. Kg3 Kf5 37. h3 Bh5 38. h4 Bg4 39. Kf2
Kxf4 40. Ke1 Ke3 0-1

[Event "Mechanics' Winter TNM; 30/90, SD/30"]
[Site "San Francisco"]
[Date "2009.02.10"]
[Round "6.15"]
[White "Bultman, Charles"]
[Black "Milliken, William"]
[Result "1/2-1/2"]
[WhiteElo "1777"]
[BlackElo "1657"]
[PlyCount "60"]
[EventDate "2009.??.??"]

1. e4 e5 2. Nf3 Nc6 3. Bb5 f5 4. exf5 e4 5. Bxc6 bxc6 6. Ne5 Nf6 7. O-O Ba6 8.
Re1 Bd6 9. d4 O-O 10. Nc3 c5 11. Nxe4 Nxe4 12. Rxe4 Rxf5 13. dxc5 Bb7 14. c6
dxc6 15. Nd3 c5 16. Re1 Qh4 17. f4 Rh5 18. h3 c4 19. Nf2 Qg3 20. Qg4 Qxg4 21.
hxg4 Rb5 22. c3 Rf8 23. Nh3 Bc8 24. Re4 Bxg4 25. Nf2 Bd7 26. Rxc4 a5 27. b3 g5
28. Nd3 Rd5 29. Ne5 Bb5 30. Re4 Rd1+ 1/2-1/2

[Event "Mechanics' Winter TNM; 30/90, SD/30"]
[Site "San Francisco"]
[Date "2009.01.27"]
[Round "4.17"]
[White "Bultman, Charles"]
[Black "Newey, Richard"]
[Result "1-0"]
[WhiteElo "1777"]
[BlackElo "1690"]
[PlyCount "105"]
[EventDate "2009.??.??"]

1. e4 c5 2. Nf3 e6 3. d4 cxd4 4. Nxd4 a6 5. Nc3 Qc7 6. Be3 Bb4 7. Nde2 Nf6 8.
f3 O-O 9. g4 Rd8 10. g5 Nh5 11. Qd2 Nc6 12. O-O-O d5 13. exd5 Rxd5 14. Qe1
Rxd1+ 15. Qxd1 Ne5 16. Qd4 Bxc3 17. Nxc3 Nc6 18. Qh4 Qe5 19. Bd2 g6 20. Ne4 b5
21. Bc3 Qf4+ 22. Qxf4 Nxf4 23. Nf6+ Kf8 24. Nxh7+ Kg8 25. Nf6+ Kf8 26. Bd2 Nh5
27. Nxh5 gxh5 28. Bd3 Bb7 29. Be4 Rb8 30. Rd1 Kg8 31. Be3 Nb4 32. Bf4 Bxe4 33.
Bxb8 Bxf3 34. Rf1 Be4 35. Rf4 Nxa2+ 36. Kb1 Bd5 37. Bc7 Kg7 38. Rd4 Kg6 39. Bd8
a5 40. Rxd5 exd5 41. Kxa2 h4 42. c3 Kh5 43. Kb3 Kg4 44. Kc2 Kh3 45. Bc7 Kg4 46.
Bxa5 Kxg5 47. Kd3 f5 48. Kd4 f4 49. h3 Kf5 50. Bc7 Kg5 51. Kxd5 f3 52. Bb6 Kf4
53. Bf2 1-0

[Event "Mechanics' Spring TNM; 30/90, SD/30"]
[Site "San Francisco"]
[Date "2009.04.21"]
[Round "6.20"]
[White "Bultman, Charles"]
[Black "Rettenmaier, Robert"]
[Result "0-1"]
[WhiteElo "1724"]
[BlackElo "1462"]
[PlyCount "118"]
[EventDate "2009.??.??"]

1. e4 c5 2. Nf3 g6 3. d4 cxd4 4. Nxd4 Nc6 5. Nc3 Bg7 6. Be3 Nf6 7. Bc4 O-O 8.
Qd2 Ng4 9. Nxc6 bxc6 10. Bd4 Nf6 11. O-O-O Qc7 12. f3 Bb7 13. Bxf6 Bxf6 14.
Qxd7 Qb6 15. Qg4 Qb4 16. Bb3 Bxc3 17. bxc3 Qxc3 18. Kb1 a5 19. Qd7 Qb4 20. Rd4
Qb6 21. Rhd1 a4 22. Qxe7 axb3 23. cxb3 Rfe8 24. Qf6 Qa6 25. R1d2 c5 26. Rd6
Qf1+ 27. Kb2 Ra6 28. Rxa6 Qxa6 29. Qxa6 Bxa6 30. Rd6 Bf1 31. g3 Bg2 32. Rd3 Rc8
33. Rc3 Kf8 34. b4 c4 35. a4 Ke7 36. Ka3 Kd6 37. a5 Ke5 38. b5 Kd4 39. Kb4 Bxf3
40. Rxf3 c3 41. b6 c2 42. Rf1 c1=Q 43. Rxc1 Rxc1 44. Kb5 Rc8 45. b7 Rb8 46. Kb6
Kxe4 47. a6 Rf8 48. a7 Kf3 49. b8=Q Rxb8+ 50. axb8=Q Kg2 51. h4 f5 52. Qf4 Kh3
53. Kc5 Kh2 54. Kd4 Kg2 55. Ke3 g5 56. hxg5 h5 57. Qxf5 Kxg3 58. g6 h4 59. g7
h3 0-1

[Event "Mechanics' Winter TNM; 30/90, SD/30"]
[Site "San Francisco"]
[Date "2009.01.20"]
[Round "3.7"]
[White "Bultman, Charles"]
[Black "Sandberg, Evan"]
[Result "0-1"]
[WhiteElo "1777"]
[BlackElo "1998"]
[PlyCount "78"]
[EventDate "2009.??.??"]

1. e4 c5 2. Nf3 Nc6 3. d4 cxd4 4. Nxd4 g6 5. Bc4 Bg7 6. Nxc6 bxc6 7. O-O Nh6 8.
Nc3 O-O 9. Kh1 d6 10. f4 Qb6 11. f5 d5 12. exd5 Nxf5 13. dxc6 Bxc3 14. bxc3 Ba6
15. Bxa6 Qxa6 16. Qf3 Rac8 17. Bf4 Qxc6 18. Qxc6 Rxc6 19. Rf3 Rfc8 20. Rb1 f6
21. Rb8 Rxb8 22. Bxb8 Ra6 23. Rd3 Rxa2 24. h3 h5 25. Rd7 Rxc2 26. Rxa7 Rxc3 27.
g4 Rxh3+ 28. Kg2 hxg4 29. Ra8 Kf7 30. Bc7 Rc3 31. Ra7 Rc2+ 32. Kg1 Rc1+ 33. Kg2
g5 34. Bb8 Rc2+ 35. Kg1 Nh4 36. Bd6 Re2 37. Kf1 Re6 38. Bb8 f5 39. Ra5 Kg6 0-1

[Event "Mechanics' Summer TNM; 30/90, SD/30"]
[Site "San Francisco"]
[Date "2009.05.26"]
[Round "1.2"]
[White "Bultman, Charles"]
[Black "Shakhnazarov, Oleg"]
[Result "0-1"]
[WhiteElo "1722"]
[BlackElo "2184"]
[PlyCount "108"]
[EventDate "2009.??.??"]

1. e4 c5 2. Nf3 e6 3. d4 cxd4 4. Nxd4 a6 5. Be2 Be7 6. O-O d6 7. Nc3 Nf6 8. Kh1
O-O 9. f4 b5 10. a3 Bb7 11. Bf3 Nbd7 12. Qe2 Rc8 13. e5 Bxf3 14. Qxf3 dxe5 15.
Nc6 e4 16. Nxe4 Qe8 17. Nxe7+ Qxe7 18. Qe2 Nxe4 19. Qxe4 Nf6 20. Qe2 Qc5 21. c3
Nd5 22. f5 exf5 23. Rxf5 Rfe8 24. Qf1 f6 25. Bd2 g6 26. Rf3 f5 27. Re1 Re4 28.
Qd3 Rce8 29. Rff1 Qc4 30. Qxc4 bxc4 31. Kg1 Kg7 32. Kf2 Nf6 33. h3 h6 34. Be3
Rb8 35. Re2 f4 36. Bc1 g5 37. Rfe1 Rxe2+ 38. Rxe2 Kf7 39. Re5 Rd8 40. Ke2 Nh5
41. Rc5 Ng3+ 42. Ke1 Re8+ 43. Kd1 Re2 44. h4 Kg6 45. hxg5 hxg5 46. Rxc4 Kf5 47.
Rd4 Rxg2 48. c4 Ne4 49. c5 Ke5 50. Rc4 Kd5 51. Ra4 Nxc5 52. Ra5 Kc4 53. Bd2
Rxd2+ 54. Kxd2 Nb3+ 0-1

[Event "Mechanics' Spring TNM; 30/90, SD/30"]
[Site "San Francisco"]
[Date "2009.03.24"]
[Round "2.13"]
[White "Bultman, Charles"]
[Black "Todortsev, Victor"]
[Result "0-1"]
[WhiteElo "1724"]
[BlackElo "1928"]
[PlyCount "56"]
[EventDate "2009.??.??"]

1. e4 c5 2. Nf3 d6 3. d4 cxd4 4. Nxd4 Nf6 5. Nc3 Nc6 6. f3 g6 7. Be3 Bg7 8. Qd2
O-O 9. O-O-O d5 10. Nxc6 bxc6 11. exd5 cxd5 12. Nxd5 Nxd5 13. Qxd5 Qc7 14. Qc5
Qb7 15. Bd4 Bf5 16. Bc4 Rac8 17. Qd5 Qxd5 18. Bxd5 Rxc2+ 19. Kb1 Rc4+ 20. Ka1
Rxd4 21. Rxd4 Bxd4 22. Rc1 Rb8 23. Bb3 a5 24. Rc4 e5 25. g4 Be6 26. Ra4 Bxb3
27. axb3 Rxb3 28. Rc4 Rxf3 0-1

[Event "Mechanics' Fall TNM; 30/90, SD/30"]
[Site "San Francisco"]
[Date "2009.12.01"]
[Round "7.13"]
[White "Bultman, Charles"]
[Black "Todortsev, Victor"]
[Result "1-0"]
[WhiteElo "1703"]
[BlackElo "1960"]
[PlyCount "81"]
[EventDate "2009.??.??"]

1. e4 c5 2. Nf3 d6 3. d4 cxd4 4. Nxd4 Nf6 5. Nc3 g6 6. f3 Bg7 7. Be3 O-O 8. Qd2
Nc6 9. Bc4 Bd7 10. O-O-O Qa5 11. Kb1 Rfc8 12. Bb3 Ne5 13. Bg5 Nc4 14. Bxc4 Rxc4
15. Nb3 Qd8 16. g4 Rac8 17. Qe3 Qc7 18. Rd3 b5 19. Bxf6 exf6 20. Nd5 Qd8 21. c3
Be6 22. Nd4 Bxd5 23. exd5 Qd7 24. Re1 f5 25. Nc6 Kf8 26. h3 fxg4 27. fxg4 a6
28. Qb6 Re8 29. Rde3 Be5 30. Nxe5 dxe5 31. Rxe5 Rxe5 32. Rxe5 h5 33. Qf6 Kg8
34. d6 hxg4 35. Re7 Qf5+ 36. Qxf5 gxf5 37. d7 gxh3 38. d8=Q+ Kg7 39. Qd5 Kg6
40. Qxf7+ Kg5 41. Qg7+ 1-0

[Event "Mechanics' Winter TNM; 30/90, SD/30"]
[Site "San Francisco"]
[Date "2009.01.20"]
[Round "3.22"]
[White "Campers, Wilie"]
[Black "Cole, Tony"]
[Result "1-0"]
[WhiteElo "1709"]
[BlackElo "1359"]
[PlyCount "85"]
[EventDate "2009.??.??"]

1. e4 d6 2. d4 Nf6 3. Nc3 g6 4. f3 Bg7 5. Be3 Nc6 6. Qd2 Bd7 7. O-O-O O-O 8.
Bh6 a5 9. Bxg7 Kxg7 10. h4 Na7 11. g4 e5 12. dxe5 Ne8 13. h5 g5 14. h6+ Kg8 15.
Rh5 f6 16. exf6 Qxf6 17. Rxg5+ Kh8 18. Bc4 Be6 19. Bxe6 Qxe6 20. f4 Qxh6 21. f5
Qf6 22. Nd5 Qf7 23. Nf3 c6 24. Nc3 Nb5 25. Rh1 Nf6 26. Nh4 h6 27. Ng6+ Kh7 28.
Nxf8+ Qxf8 29. Rg6 Ng8 30. g5 Rd8 31. Nxb5 cxb5 32. -- {missing move} Re8 33.
Qd5 Rb8 34. gxh6 Ne7 35. Qxd6 Nxg6 36. fxg6+ Kg8 37. h7+ Kg7 38. h8=Q+ Qxh8 39.
Rxh8 Rxh8 40. Qe5+ Kg8 41. Qc7 Rh1+ 42. Kd2 Rh6 43. Qf7+ 1-0

[Event "Mechanics' Winter TNM; 30/90, SD/30"]
[Site "San Francisco"]
[Date "2009.01.06"]
[Round "1.4"]
[White "Campers, Wilie"]
[Black "Gray, William"]
[Result "1/2-1/2"]
[WhiteElo "1709"]
[BlackElo "2081"]
[PlyCount "158"]
[EventDate "2009.??.??"]

1. e4 c5 2. Nf3 d6 3. d4 cxd4 4. Nxd4 Nf6 5. Nc3 g6 6. f3 Bg7 7. Be3 Nc6 8. Qd2
O-O 9. O-O-O d5 10. Nxc6 bxc6 11. Bh6 Qa5 12. Bxg7 Kxg7 13. Qg5 Be6 14. h4 Rab8
15. Rd3 Qb4 16. b3 dxe4 17. Nxe4 Nxe4 18. fxe4 Qxe4 19. h5 f6 20. Qd2 Qe5 21.
Kb1 Qg5 22. Qe2 Bf7 23. hxg6 Bxg6 24. Qxe7+ Rf7 25. Qd6 Bxd3 26. Qxb8 Bg6 27.
Bc4 Qxg2 28. Rc1 Rf8 29. Qxa7+ Kh6 30. Qe7 Re8 31. Qxf6 Kh5 32. Bf7 Re2 33.
Bxg6+ hxg6 34. a4 Qe4 35. Qh8+ Kg4 36. Rg1+ Kf5 37. Qc8+ Ke5 38. Qe8+ Kd4 39.
Qxe4+ (39. Qd8+ Ke5 40. Qe7+ Kd4 (40... Kf5 41. Rg5+ Kf4 42. Qf6+) 41. Rg4 Qxg4
42. Qb4+) 39... Rxe4 40. Rxg6 c5 41. a5 c4 42. Rc6 cxb3 43. cxb3 Kd5 44. Rc8
Rb4 45. Kb2 Rb5 46. a6 Ra5 47. Ra8 Kc5 48. Kc3 Ra1 49. a7 Kb6 50. Kb2 Ra6 51.
Kc3 Kb7 52. Rg8 Kxa7 53. Kc4 Rh6 54. b4 Kb6 55. Rg4 Rf6 56. Kd5 Rh6 57. Kc4 Rf6
58. Rg8 Rf4+ 59. Kb3 Rf6 60. Ka4 Rh6 61. Rb8+ Ka7 62. Rc8 Kb6 63. Rc5 Rf6 64.
Rb5+ Kc6 65. Ka5 Kc7 66. Rc5+ Kb7 67. b5 Rh6 68. Re5 Kc7 69. Re7+ Kb8 70. b6
Rh1 71. Ka6 Ra1+ 72. Kb5 Rb1+ 73. Kc5 Rc1+ 74. Kd5 Rd1+ 75. Kc4 Rc1+ 76. Kb5
Rb1+ 77. Kc6 Rc1+ 78. Kd7 Kb7 79. Re6 Rd1+ 1/2-1/2

[Event "Mechanics' Winter TNM; 30/90, SD/30"]
[Site "San Francisco"]
[Date "2009.02.03"]
[Round "5.14"]
[White "Campers, Wilie"]
[Black "Persidsky, Andre"]
[Result "0-1"]
[WhiteElo "1709"]
[BlackElo "1829"]
[PlyCount "76"]
[EventDate "2009.??.??"]

1. e4 c5 2. Nf3 Nc6 3. d4 cxd4 4. Nxd4 a6 5. Nc3 d6 6. Be2 Nf6 7. O-O g6 8. Be3
Bg7 9. Qd2 Qc7 10. Nb3 O-O 11. Bh6 b5 12. Bxg7 Kxg7 13. Kh1 e6 14. Rad1 Rd8 15.
a3 d5 16. exd5 Nxd5 17. Ne4 Nce7 18. c3 Bb7 19. Qg5 f6 20. Qh4 g5 21. Qh3 Nf4
22. Qe3 Nf5 23. Qf3 Nh4 24. Qe3 Nhxg2 25. Qf3 Nh4 26. Qe3 f5 27. Nbc5 fxe4 28.
Nxb7 Qxb7 29. Rg1 Rxd1 30. Bxd1 Kh6 31. Bg4 Rd8 32. h3 Rd3 33. Qc5 e3+ 34. Kh2
exf2 35. Qxf2 Qd5 36. Re1 Rd2 37. Re2 Nxe2 38. Qf6+ Ng6 0-1

[Event "Mechanics' Wilkerson Mem TNM; 30/90, SD"]
[Site "San Francisco"]
[Date "2009.08.11"]
[Round "2.18"]
[White "Campers, Willie"]
[Black "Chen, Max"]
[Result "1-0"]
[WhiteElo "1771"]
[BlackElo "1586"]
[PlyCount "67"]
[EventDate "2009.??.??"]

1. e4 c5 2. Nf3 Nc6 3. Nc3 g6 4. d3 Bg7 5. Be3 b6 6. Qd2 Bb7 7. h4 e6 8. h5
Nge7 9. Bh6 O-O 10. Bxg7 Kxg7 11. hxg6 fxg6 12. Qh6+ Kf7 13. Qxh7+ Ke8 14.
O-O-O a6 15. Qg7 d6 16. Ng5 Kd7 17. Rh7 Rg8 18. Qf6 e5 19. Qe6+ Kc7 20. Nd5+
Kb8 21. Nxe7 Re8 22. Nxc6+ Bxc6 23. Qxg6 Rg8 24. Rg7 Rxg7 25. Qxg7 Ra7 26. Qh6
Qg8 27. Qxd6+ Ka8 28. Qxc6+ Rb7 29. Ne6 Kb8 30. g3 a5 31. Bh3 Qf7 32. Bf5 a4
33. Nd8 Rc7 34. Qxb6+ 1-0

[Event "Mechanics' Spring TNM; 30/90, SD/30"]
[Site "San Francisco"]
[Date "2009.03.24"]
[Round "2.12"]
[White "Campers, Willie"]
[Black "Chirila, Sergiu"]
[Result "1-0"]
[WhiteElo "1777"]
[BlackElo "1932"]
[PlyCount "63"]
[EventDate "2009.??.??"]

1. e4 c5 2. Nf3 d6 3. d4 cxd4 4. Nxd4 g6 5. Nc3 a6 6. Be3 Bg7 7. Qd2 Nf6 8. f3
O-O 9. Bh6 Nc6 10. Bxg7 Kxg7 11. O-O-O a5 12. Bb5 Bd7 13. h4 Qb6 14. Nb3 Rac8
15. g4 Ne5 16. Be2 a4 17. Nd4 Rc4 18. f4 Rfc8 19. fxe5 Rxc3 20. exf6+ exf6 21.
bxc3 a3 22. Nb3 Be6 23. Qxd6 Qe3+ 24. Qd2 Qxe4 25. Bd3 Qe5 26. Rde1 Qg3 27. h5
Bxb3 28. cxb3 Rd8 29. Re3 Qxg4 30. hxg6 fxg6 31. Re7+ Kf8 32. Rexh7 1-0

[Event "Mechanics' Summer TNM; 30/90, SD/30"]
[Site "San Francisco"]
[Date "2009.06.02"]
[Round "2.19"]
[White "Campers, Willie"]
[Black "Evans, Nicholas"]
[Result "0-1"]
[WhiteElo "1816"]
[BlackElo "1434"]
[PlyCount "72"]
[EventDate "2009.??.??"]

1. e4 e5 2. f4 exf4 3. Nf3 Nf6 4. Nc3 d5 5. e5 Ne4 6. d3 Nxc3 7. bxc3 g5 8. Be2
g4 9. O-O gxf3 10. Bxf3 Be6 11. Rb1 b6 12. d4 Nc6 13. c4 Na5 14. cxd5 Bxd5 15.
Bh5 Qe7 16. Bxf4 O-O-O 17. c3 Bxa2 18. Rb2 Bd5 19. Bf3 Kb8 20. Qc1 Qd7 21. Bg5
Ba3 22. Bxd8 Bxb2 23. Bxc7+ Kxc7 24. Qxb2 Nc4 25. Qa2 a5 26. Qf2 Bxf3 27. Qxf3
Nd2 28. Qf6 Nxf1 29. Qxh8 Qf5 30. Qa8 Ne3 31. Qa7+ Kc6 32. Qa6 Qf1+ 33. Qxf1
Nxf1 34. Kxf1 a4 35. c4 a3 36. d5+ Kd7 0-1

[Event "Mechanics' Wilkerson Mem TNM; 30/90, SD"]
[Site "San Francisco"]
[Date "2009.08.25"]
[Round "4.8"]
[White "Campers, Willie"]
[Black "Farzaneh-Far, Ramin"]
[Result "0-1"]
[WhiteElo "1771"]
[BlackElo "1988"]
[PlyCount "88"]
[EventDate "2009.??.??"]

1. e4 d5 2. exd5 Qxd5 3. Nc3 Qa5 4. d4 Nf6 5. Bd2 c6 6. Nf3 Bf5 7. Ne4 Qc7 8.
Nxf6+ gxf6 9. Bc4 e6 10. Bb3 Bd6 11. Qe2 Nd7 12. O-O-O O-O-O 13. h3 Kb8 14. Nh4
Bg6 15. Nxg6 hxg6 16. g3 Rh5 17. h4 Rdh8 18. Qf3 f5 19. c4 c5 20. d5 e5 21. g4
e4 22. Qg2 fxg4 23. Qxe4 Nf6 24. Qe2 Re8 25. Qd3 Ne4 26. Rde1 Rhe5 27. Be3 f5
28. Re2 Nxf2 29. Rxf2 Rxe3 30. Qd1 Bg3 31. Rff1 Qe5 32. Kb1 Re2 33. Bc2 Re3 34.
a3 Be1 35. h5 g3 36. hxg6 g2 37. Rxf5 gxh1=Q 38. Rxe5 R3xe5 39. Qg4 Bf2+ 40.
Ka2 Qh4 41. Qg2 Qg3 42. Qh1 Re2 43. Bf5 Bd4 44. Qh3 Rxb2+ 0-1

[Event "Mechanics' Summer TNM; 30/90, SD/30"]
[Site "San Francisco"]
[Date "2009.06.30"]
[Round "6.26"]
[White "Campers, Willie"]
[Black "Frank, Robert"]
[Result "1-0"]
[WhiteElo "1816"]
[BlackElo "1297"]
[PlyCount "111"]
[EventDate "2009.??.??"]

1. e4 e5 2. f4 exf4 3. Nf3 d5 4. e5 Bg4 5. d4 Nc6 6. Be2 Bxf3 7. Bxf3 Qh4+ 8.
Kf1 O-O-O 9. c3 Kb8 10. Bd2 g5 11. Be1 Qh6 12. b4 f5 13. Kg1 g4 14. Be2 Nge7
15. h4 Qh5 16. a4 Ng6 17. g3 fxg3 18. Bxg3 Bh6 19. Nd2 Nf4 20. Bxf4 Bxf4 21.
Nf1 Qg6 22. a5 h5 23. b5 Ne7 24. b6 c6 25. bxa7+ Kxa7 26. Qb3 g3 27. Qb6+ Ka8
28. Bf3 Nc8 29. Qb2 Qh6 30. Rb1 Rh7 31. Kg2 Rg7 32. a6 b6 33. Qe2 Rg6 34. Re1
Rh8 35. e6 Bd6 36. c4 Qf4 37. Qd3 Ne7 38. cxd5 Nxd5 39. Bxd5 cxd5 40. Qc3 Qf2+
41. Kh3 Bc5 42. dxc5 g2 43. Qxh8+ Ka7 44. Qh7+ Kxa6 45. Ra1+ Kb5 46. Qd7+ Kxc5
47. Rc1+ Kd4 48. Rd1+ Ke5 49. Qxd5+ Kf6 50. Qd8+ Kxe6 51. Qe8+ Kf6 52. Rd6+ Kg7
53. Qxg6+ Kf8 54. Rf6+ Ke7 55. Qg7+ Ke8 56. Rf8# 1-0

[Event "Mechanics' Fall TNM; 30/90, SD/30"]
[Site "San Francisco"]
[Date "2009.12.15"]
[Round "9.15"]
[White "Campers, Willie"]
[Black "Gonda, Thomas"]
[Result "1/2-1/2"]
[WhiteElo "1742"]
[BlackElo "1618"]
[PlyCount "151"]
[EventDate "2009.??.??"]

1. e4 Nf6 2. e5 Nd5 3. d4 d6 4. c4 Nb6 5. f4 dxe5 6. fxe5 Nc6 7. Nf3 Bg4 8. Be3
e6 9. Be2 Bxf3 10. Bxf3 Nxc4 11. Bxc6+ bxc6 12. Bf2 Qd5 13. O-O Be7 14. b3 Nb6
15. Nc3 Qd7 16. Qg4 O-O 17. Ne4 Nd5 18. Rad1 f5 19. exf6 Nxf6 20. Nxf6+ Rxf6
21. Bh4 Rg6 22. Qe4 Bxh4 23. Qxh4 Qd5 24. Qf2 Rf6 25. Qe3 Raf8 26. Rxf6 Rxf6
27. Qe5 Rf7 28. Re1 Re7 29. Re4 a5 30. h3 h6 31. Qf4 c5 32. dxc5 Qxc5+ 33. Kh1
Rf7 34. Qe3 Qd6 35. Kg1 Rf6 36. Rd4 Qb6 37. Kh2 Rf5 38. Rd8+ Rf8 39. Qxb6 cxb6
40. Rd6 e5 41. Re6 Rf2 42. a4 Rb2 43. Rxb6 Kf7 44. Kg3 g5 45. Kf3 h5 46. g4 h4
47. Ke4 Rh2 48. Kf5 Rxh3 49. Rb7+ Kf8 50. Kxg5 e4 51. Rb5 e3 52. Rxa5 Ke7 53.
Re5+ Kd6 54. Re8 Kc5 55. Kf4 e2 56. Rxe2 Rxb3 57. Ra2 h3 58. g5 Kd6 59. a5 Rb4+
60. Kg3 Rb3+ 61. Kh2 Rb5 62. a6 Rb8 63. Kxh3 $18 {
This is a theoretically won position for W.} Ke6 64. Kg4 Kf7 65. a7 Ra8 66. Kf5
Kg7 67. g6 Rf8+ 68. Kg5 Rc8 69. a8=Q $4 {
this throws away the win; now it's a draw} ({A winning line was} 69. Rf2 Rc5+
70. Rf5 Rc8 71. Rf7+ Kg8 72. Kh6 Rd8 73. Rc7 Re8 74. Rb7 Rc8 75. Rb8) 69...
Rxa8 70. Rf2 Ra5+ 71. Rf5 Ra7 72. Rd5 Rb7 73. Rd6 Rc7 74. Kf5 Re7 75. Rd3 Ra7
76. Rd5 1/2-1/2

[Event "Mechanics' Spring TNM; 30/90, SD/30"]
[Site "San Francisco"]
[Date "2009.04.07"]
[Round "4.9"]
[White "Campers, Willie"]
[Black "Grey, Peter"]
[Result "0-1"]
[WhiteElo "1777"]
[BlackElo "2000"]
[PlyCount "128"]
[EventDate "2009.??.??"]

1. e4 c5 2. Nf3 Nc6 3. d4 cxd4 4. Nxd4 Nf6 5. Nc3 e5 6. Nf5 d5 7. exd5 Bxf5 8.
dxc6 Qxd1+ 9. Nxd1 bxc6 10. Ba6 Kd7 11. Ne3 Be6 12. O-O Kc7 13. Rd1 Bc5 14. Bd2
Rhd8 15. b4 Be7 16. b5 Bc5 17. Bc3 Bd4 18. Ba5+ Bb6 19. Rxd8 Rxd8 20. Bb4 Ne4
21. bxc6 Kxc6 22. a4 Rd4 23. Bb5+ Kc7 24. c3 Rd2 25. a5 Bc5 26. Bxc5 Nxc5 27.
Nc4 Rc2 28. Nxe5 Rxc3 29. Be8 f6 30. Nf3 Nb3 31. Re1 Bd5 32. h3 Bxf3 33. gxf3
Rc1 34. Rxc1+ Nxc1 35. Bf7 Nd3 36. Kf1 Ne5 37. Bd5 Nc6 38. a6 Kb6 39. Ke1 Nb4
40. Bg8 h6 41. Kd2 Nxa6 42. Kd3 Nc5+ 43. Kd4 Kc6 44. Ba2 Kd6 45. h4 g5 46. h5
Ne6+ 47. Ke4 Nf4 48. Kf5 Nxh5 49. Kg6 Nf4+ 50. Kxh6 Ke5 51. Kg7 Nh3 52. Kg6
Nxf2 53. Kh5 Nd3 54. Bc4 Nf4+ 55. Kg4 a5 56. Bb5 Ne6 57. Bc4 a4 58. Bb5 a3 59.
Bc4 Nd4 60. Ba2 Nc2 61. Bf7 Nb4 62. Bg8 a2 63. Bxa2 Nxa2 64. Kh5 Kf4 0-1

[Event "Mechanics' Fall TNM; 30/90, SD/30"]
[Site "San Francisco"]
[Date "2009.10.27"]
[Round "2.8"]
[White "Campers, Willie"]
[Black "Jones, James"]
[Result "0-1"]
[WhiteElo "1742"]
[BlackElo "2043"]
[PlyCount "88"]
[EventDate "2009.??.??"]

1. e4 c5 2. Nf3 d6 3. d4 cxd4 4. Nxd4 Nf6 5. Nc3 g6 6. f3 Bg7 7. Be3 O-O 8. Qd2
Nc6 9. O-O-O Bd7 10. g4 Rc8 11. Nb3 Ne5 12. Be2 Nc4 13. Bxc4 Rxc4 14. h4 h5 15.
Bh6 hxg4 16. Bxg7 Kxg7 17. h5 Rh8 18. h6+ Kh7 19. Qe2 Rxc3 20. bxc3 gxf3 21.
Qe3 Qc7 22. Kb2 Rc8 23. Rd3 Bb5 24. Rd2 Be2 25. Nc1 Nxe4 26. Rxe2 fxe2 27. Qxe4
Qxc3+ 28. Kb1 Rc4 29. Qxe2 a5 30. Qd3 Rb4+ 31. Nb3 Qxd3 32. cxd3 a4 33. Kc2
axb3+ 34. axb3 e5 35. Kc3 Rd4 36. Ra1 b5 37. Ra7 b4+ 38. Kc2 Rf4 39. Kd2 Kxh6
40. Rd7 g5 41. Rxd6+ f6 42. Rb6 g4 43. Ke3 g3 44. Ra6 g2 0-1

[Event "Mechanics' Wilkerson Mem TNM; 30/90, SD"]
[Site "San Francisco"]
[Date "2009.09.29"]
[Round "9.14"]
[White "Campers, Willie"]
[Black "Litowsky, Daniel"]
[Result "0-1"]
[WhiteElo "1771"]
[BlackElo "1705"]
[PlyCount "106"]
[EventDate "2009.??.??"]

1. e4 e5 2. f4 d6 3. Nf3 Nc6 4. a3 Nf6 5. Nc3 Be7 6. Bc4 h6 7. O-O O-O 8. d4
exd4 9. Nxd4 Bd7 10. Be3 a6 11. Qe2 b5 12. Ba2 Nxd4 13. Bxd4 Be6 14. b3 Qd7 15.
f5 c5 16. fxe6 fxe6 17. Bf2 Rae8 18. Rad1 Qc6 19. Kh1 Nd7 20. Qg4 Rf6 21. Bh4
Ne5 22. Qh5 Rxf1+ 23. Rxf1 Bxh4 24. Qxh4 b4 25. Ne2 bxa3 26. Qh3 Qxe4 27. Nf4
Nf7 28. b4 Ng5 29. Qxa3 Qxc2 30. bxc5 Qxc5 31. Qd3 d5 32. h4 Ne4 33. Bb1 Rf8
34. Rf3 Qc1+ 35. Kh2 Rxf4 36. Rxf4 Qxf4+ 37. Kg1 Qxh4 38. Qc2 Qd8 39. Qc6 Qd6
40. Qe8+ Kh7 41. Bd3 a5 42. Qa4 Qb4 43. Qd1 Qd4+ 44. Kh2 g6 45. Qf3 Kg7 46. Bb5
h5 47. Be8 Qf6 48. Qa3 Qf4+ 49. Kg1 Qf8 50. Qa4 Qe7 51. Bc6 Qc5+ 52. Kh2 Nc3
53. Qxa5 Qxa5 0-1

[Event "Mechanics' Fall TNM; 30/90, SD/30"]
[Site "San Francisco"]
[Date "2009.11.10"]
[Round "4.20"]
[White "Campers, Willie"]
[Black "Mar, Henry"]
[Result "1-0"]
[WhiteElo "1742"]
[BlackElo "1500"]
[PlyCount "91"]
[EventDate "2009.??.??"]

1. e4 c6 2. d4 d5 3. e5 e6 4. Bd3 Nd7 5. Ne2 c5 6. c3 c4 7. Bc2 b5 8. O-O g6 9.
Be3 Ne7 10. Qd2 Bg7 11. Bh6 O-O 12. Bxg7 Kxg7 13. h4 h5 14. Ng3 Rh8 15. Qg5 Nf5
16. Nxf5+ exf5 17. Qg3 Nf8 18. Nd2 Be6 19. Nf3 Nh7 20. b3 Qa5 21. b4 Qa3 22.
Nd2 Qb2 23. Rfc1 Qa3 24. Bd1 Nf8 25. Nf3 Qa6 26. Qg5 Nd7 27. a4 Qb6 28. axb5
Qd8 29. Qg3 Qe7 30. Ra6 Nb6 31. Rca1 Qd7 32. R1a5 Qe7 33. Ra3 Bc8 34. Rxb6 axb6
35. Rxa8 Qb7 36. Ra6 Qc7 37. Ra3 Be6 38. Qg5 Qd8 39. Ra7 Bd7 40. Qf6+ Qxf6 41.
exf6+ Kxf6 42. Rxd7 Ke6 43. Rb7 f6 44. Rxb6+ Ke7 45. Ra6 Rb8 46. Ba4 1-0

[Event "Mechanics' Spring TNM; 30/90, SD/30"]
[Site "San Francisco"]
[Date "2009.04.28"]
[Round "7.17"]
[White "Campers, Willie"]
[Black "Milliken, William"]
[Result "0-1"]
[WhiteElo "1777"]
[BlackElo "1692"]
[PlyCount "46"]
[EventDate "2009.??.??"]

1. e4 e5 2. f4 exf4 3. Nf3 d6 4. Bc4 g5 5. O-O Be6 6. Bxe6 fxe6 7. Nd4 Kd7 8.
Qg4 Qe7 9. Nc3 Bg7 10. Nb3 h5 11. Qe2 Nc6 12. Qb5 a6 13. Qe2 Nd4 14. Nxd4 Bxd4+
15. Kh1 Nf6 16. Nd1 Rag8 17. c3 Bb6 18. d4 h4 19. Nf2 Nh5 20. Ng4 Ng3+ 21. hxg3
hxg3+ 22. Kg1 Rh1+ 23. Kxh1 Qh7+ 0-1